<?xml version="1.0" encoding="UTF-8"?>
<marc:record xmlns:marc="http://www.loc.gov/MARC21/slim">
   <marc:leader>00000nam a2200000 a 4500</marc:leader>
   <marc:datafield ind1="1" ind2=" " tag="100">
      <marc:subfield code="a">Neubauer, Otto</marc:subfield>
      <marc:subfield code="4">aut</marc:subfield>
      <marc:subfield code="e">Verfasser/-in</marc:subfield>
   </marc:datafield>
   <marc:datafield ind1=" " ind2=" " tag="653">
      <marc:subfield code="a">Evangelisation</marc:subfield>
   </marc:datafield>
   <marc:datafield ind1="0" ind2="0" tag="245">
      <marc:subfield code="a">Mission possible</marc:subfield>
   </marc:datafield>
   <marc:datafield ind1="0" ind2="0" tag="245">
      <marc:subfield code="b">das Handbuch für die neue Evangelisation</marc:subfield>
   </marc:datafield>
   <marc:datafield ind1="0" ind2="0" tag="245">
      <marc:subfield code="c">Otto Neubauer</marc:subfield>
   </marc:datafield>
   <marc:datafield ind1=" " ind2="1" tag="264">
      <marc:subfield code="a">Augsburg</marc:subfield>
      <marc:subfield code="b">Sankt-Ulrich-Verl.</marc:subfield>
      <marc:subfield code="c">2013</marc:subfield>
   </marc:datafield>
   <marc:datafield ind1="1" ind2=" " tag="520">
      <marc:subfield code="a">Angaben aus der Verlagsmeldung

Mission Possibile / von Otto Neubauer

Er ist der Mann, von dem Papst Benedikt hören wollte, was Neuevangelisierung ist. Und er ist der Mann, von dem sich Kardinal Christoph Schönborn zum Missionieren in Wiener Nachtbars schleppen ließ: Otto Neubauer, Gastreferent vor Papst Benedikt und seinem Schülerkreis und Leiter einer eigens gegründeten Akademie für Evangelisation im Herzen Wiens, verfügt über Jahrzenhntelange Erfahrung im Bereich Dialog und innovative Mission. Nun gibt er in diesem einzigartigen Handbuch die Frucht seiner wegweisenden Ausbildungsarbeit an alle weiter, die sich im Jahr des Glaubens und darüber hinaus dem Anliegen der Neuevangelisierung widmen wollen.
</marc:subfield>
   </marc:datafield>
   <marc:datafield ind1=" " ind2=" " tag="020">
      <marc:subfield code="a">9783867441575</marc:subfield>
      <marc:subfield code="9">9783867441575</marc:subfield>
   </marc:datafield>
   <marc:datafield ind1=" " ind2=" " tag="020">
      <marc:subfield code="a">386744157X</marc:subfield>
      <marc:subfield code="9">386744157X</marc:subfield>
   </marc:datafield>
   <marc:datafield ind1=" " ind2=" " tag="041">
      <marc:subfield code="a">ger</marc:subfield>
   </marc:datafield>
   <marc:datafield ind1=" " ind2=" " tag="300">
      <marc:subfield code="a">272 S.</marc:subfield>
   </marc:datafield>
</marc:record>
